Регионална библиотека "Любен Каравелов" - Русе

Забранената вселена (Запис номер 455507)

MARC детайли
000 -Лидер
Контролно поле с фиксирана дължина 02525nam a2200373 a 4500
003 - Код на организацията, давaща контролен номер
Контролно поле BLK
005 - Дата и час на последна редакция
Контролно поле 20250331093851.0
008 - Елементи от данни с фиксирана дължина
fixed length control field 180408b bul|||||r ||||||| ||bul||
010 ## - Наследен системен номер
LC control number KNG00049441000
020 ## - Международен стандартен номер на книга ISBN
Международен стандартен номер на книга ISBN 9786190301110
040 ## - Източник на каталожния запис
Идентификатор на билиотеката - собственик на записа BLK
041 ## - Код за език
Код за езика на текст/звукозапис или на отделно заглавие Български
Код за езика КДБФ Български
080 ## - УДК
Текстов определител УДК Разпространяване на научните знания - популяризиране на науката, занимателна наука, учение за явленията научно необяснени, заблуждения и фалшификации, илюзии и др. п., секретност на научните знания
УДК код - определител по УДК 001.9
УДК - код + определител 001.9
080 ## - УДК
Текстов определител УДК Паметници на културата на историческите периоди. Археологическите паметници. Старини
УДК код - определител по УДК 904
УДК - код + определител 904
080 ## - УДК
Текстов определител УДК Звезди и звездни системи. Вселена - Космически лъчи, междузвездно пространство, Галактика, Млечен път, космология, извънгалактически системи
УДК код - определител по УДК 524
УДК - код + определител 524
080 ## - УДК
Текстов определител УДК Организации, асоциации, движения със специални цели и/или области на дейност. Професионални асоциации(Ку-клукс-клан, масони, окултни движения, орден на тамплиерите).
УДК код - определител по УДК 061.23
УДК - код + определител 061.23
100 1# - Редна дума - Автор
Автор Пикнет, Лин
Авторска отговорност първи автор
R(LIN) 110655
139 ## - Редно поле
Редна дума Пикнет, Лин и др.
Авторски знак Пи - П 51
240 ## - Унифицирано заглавие
Унифицирано заглавие The Forbidden Universe
245 10 - Сведения за заглавието
Заглавие Забранената вселена
Подзаглавни данни Окултните корени на науката в търсене на божествения разум
Редно поле (дума) Лин Пикнет, Клайв Принс; прев. от англ. Венцислав Божилов.
257 ## - Страна на издаване
Страна на създаване/издаване България
260 ## - Област на издателските данни
Име на издателя, разпространителя и проч. Бард
Година на издаване 2021
9 (RLIN) 209457
Място на издаване, разпространение и проч. София
Издателство - префикс ISBN 978-954-655- ; 978-954-585- ; 978-954-584-
300 ## - Физическа характеристика
Страници 351 с.
Размери/Мащаб 21 см
380 ## - Жанр
Жанр Общ отдел
650 #7 - Допълнително описание по предмет – тема
Основно описание – тема или топоним Херметизъм
9 (RLIN) 176419
650 #0 - Допълнително описание по предмет – тема
Основно описание – тема или топоним Окултни науки
9 (RLIN) 261934
653 #7 - Ключова дума – ненормативна
Ключова дума конспирация
9 (RLIN) 189034
700 1# - Други автори (авторска отговорност)
Лично име Принс, Клайв
Автороска отговорност (Описва отношението между автора и произведението) съавт.
9 (RLIN) 267114
700 ## - Други автори (авторска отговорност)
Лично име Божилов, Венцислав Божидаров
Звания и думи, свързани с автора Теодосиев, Стефан, 1968- (псевдоним)
Дати, свързани с автора 1968-
9 (RLIN) 367877
856 4# - Електронен адрес и достъп
Електронен формат pdf - файл
856 4# - Електронен адрес и достъп
Електронен формат pdf - файл
999 ## - СИСТЕМНИ КОНТРОЛНИ НОМЕРА
Koha biblionumber 455507
Koha biblioitemnumber 455507
942 ## - АРТИКУЛИ
Вид на библиотечния материал Книги
Скрит в OPAC Не
Периодичен библиозапис Да
Koha issues (borrowed), all copies 14
944 ## - СЪЗДАВАНЕ И РЕДАКЦИЯ на ЗАПИСА
Създаване/Редакция Създаване
Служител, извършил регистрацията/редакцията 30552
Статус, дата на статуса Виолета Тройчева
Наличности
Код за отписване Код за изгубен артикул Източник на класификационната схема Код за повреда Коз за рестрикции Код за отдаване Артикулен № Име на библиотеката - собственик Име на библиотеката, в която се намира в момента Статус (Текущо местоположение) Дата на вписване в системата Местоположение - отдел Цена в лева Систематично азбучна сигнатура Баркод Цена в евро Служебен тип на артикула
  Не е изгубен Universal Decimal Classification Не е повреден без рестрикции заемане за дома 884759 Регионална библиотека "Любен Каравелов" Русе Регионална библиотека "Любен Каравелов" Русе Заемна - подръчен фонд 2022-05-17 Заемна - подръчен фонд 14.99 001.9/П 51 Л 120000872649 7.66 Книги
  Не е изгубен Universal Decimal Classification Не е повреден без рестрикции заемане за дома 884760 Регионална библиотека "Любен Каравелов" Русе Регионална библиотека "Любен Каравелов" Русе Заемна - подръчен фонд 2022-05-17 Заемна - подръчен фонд 14.99 001.9/П 51 Л 120000872648 7.66 Книги
  Не е изгубен Universal Decimal Classification Не е повреден само за читалня ползва се в читалня 901874 Регионална библиотека "Любен Каравелов" Русе Регионална библиотека "Любен Каравелов" Русе Хранилище 2022-08-25 Хранилище 19.99 Цб 313334 120000874943 10.22 Книги
Vip Innovations Ltd, Rousse, Bulgaria 2025